L'Allemagne pour les touristes... - Facile - Statistiques

Statistiques générales
  • Ce quiz a été pris 95 fois
  • Le résultat moyen est 16 sur 20
Statistiques - réponses
Question Indice Réponses Indice facile % Correct
Quelle est la langue officielle ? Allemand
100%
Quelles sont les principales villes touristiques ? B Berlin Capitale
97%
Quelle est la monnaie ? Euro
95%
Dans la capitale y-a-t-il un décalage horaire avec Paris ? (oui/non) Non
95%
La conduite se fait à droite ou à gauche ? Droite
94%
Quelles sont les principales villes touristiques ? M Munich Fête de la Bière
94%
Quelles sont les principales villes touristiques ? H Hambourg Nord
91%
Achats à faire 3/ Préparation de viande dans un boyau Saucisse Comme à Toulouse
88%
Achats à faire 1/ Boisson pétillante Bière Cervoise
86%
Quelles sont les principales villes touristiques ? F Francfort Ville de saucisse
86%
La vitesse sur autoroute généralement illimitée, si elle l'est c'est à {130} km/h
85%
Quelles autres langues parle-t-on ? F Français
84%
Quelles autres langues parle-t-on ? A Anglais
83%
Le suffixe internet est de
83%
Le taux d'alcoolémie toléré au volant est de {0.5} g/l
80%
Quelles sont les principales villes touristiques ? C Cologne On y produit une eau célèbre
73%
La religion majoritaire est C Christianisme
61%
Achats à faire 2/ Objets fragiles en Porcelaine Kaolin
52%
On peut y visiter les parcs nationaux de FN Forêt noire Black is black
42%
On peut y visiter les parcs nationaux de H Hainich HIHICAN
3%
Aucun quiz correspondant
Distribution des résultats
% des personnes avec chaque résultat
Percentile par nombre de réponses
Votre historique - résultats
Vous n’avez pas pris ce quiz